000 00639nam a2200205Ia 4500
003 GCL
008 140319s9999 xx 000 0 ara d
040 _aGCL /
_cGCL
082 0 4 _a194
_bر ت
100 1 _aرجاء ياقوت صالح
245 1 0 _aتيارات الفكر الفرنسى المعاصر /
_cرجاء ياقوت صالح
260 _a[S.N] :
_bالمجلس الاعلى للثقافة ،
_c1989
300 _a219 ص
490 _a
650 0 4 _aالفلسفة
650 0 4 _aالفلسفة الحديثة
650 0 4 _aالفلسفة الغربية
650 0 4 _aالفلسفة الفرنسية
942 _2ddc
_cBK
999 _c28665
_d28665